01817 2200313 4500001002100000005001500021008004100036020001800077035002000095082001600115084002200131100003600153245005200189250001400241260004300255264004300298300003700341336002100378337003000399338002300429504001500452505007300467520090000540650002401440863000601464990001101470990001101481990001101492INLIS00000000002289020250826012144250826 g 0 ind  a602-8506-19-2 a0010-0825000172 a360.959 817 a360.959 817 RIB k0 aRibka Chintia SukitoePengarang1 aKeindahan Budaya Bumi Raflesia Bengkulu Jilid 2 aCetakan 1 aJakarta :bMultazam Mulia Utama,c2010 aJakarta :bMultazam Mulia Utama,c2010 a69 halaman :bIlustrasi ;c25 cm 2rdacontentaTeks 2rdamediaaTanpa Perantara 2rdacarrieraLembar ahalaman 68 a1. seni budaya 2. Pelestarian seni dan budaya bengkulu di masa kini aKeindahan Budaya Bumi Raflesia Bengkulu Jilid.2Identitas suatu bangsa dapat dikenal melalui kebudayaannya. Demikiar pula dengan negara Indonesia, yang terdiri dari berbagai kebudayaan yang tersebar di seluruh Kepulauan Indonesia.RaiLewat tulisan ini, penulis mengajak para pembaca untuk lebih jauh mengena keindahan kebudayaan bangsa Indonesia yang beragam itu. Salah satunyadalah kebudayaan yang berasal dari Propinsi Bengkulu. Rupa kebudayaan it sendiri terwujud dalam bentuk adat istiadat, kesenian daerah, tempat-tempa bersejarah dan peninggalan arkeologi yang dimanfaatkan untuk tempa wisata.Besar harapan penulis para pembaca bisa menambah khasanah pengetahuar tentang budaya bangsa sendiri dan keinginan untuk melestarikan kebudayaar bangsa tersebut semakin tergali yang pada akhirnya bermuara pada suat kalimat sejarah menciptakan bangsa dan kebudayaan sebagai pelengkac bangsa tersebut. 4aKebudayaan Bengkulu a1 a060394 a060395 a060396